logo

Bir Sreshtho Munshi Abdur Rouf Library
Jhenaidah Cadet College

Language Structure and use / (Record no. 5410)

MARC details
000 -LEADER
fixed length control field 00520nam a2200205 a 4500
001 - CONTROL NUMBER
JCCL Control Number 5410
003 - CONTROL NUMBER IDENTIFIER
JCCL marc code BD-JhCC
005 - DATE AND TIME OF LATEST TRANSACTION
control field 20171218114706.0
008 - FIXED-LENGTH DATA ELEMENTS--GENERAL INFORMATION
fixed length control field 171213s1984 n a|||| |||| 00| 0 eng d
035 ## - SYSTEM CONTROL NUMBER
system control number (BD-JhCC)
040 ## - CATALOGING SOURCE
Original cataloging agency BD-JhCC
Modifying agency BD-JhCC
041 ## - LANGUAGE CODE
Language code of Book eng
082 ## - DEWEY DECIMAL CLASSIFICATION NUMBER
Classification number 425
Author mark and Year CRA 1984
100 ## - MAIN ENTRY--PERSONAL NAME
Personal name Cramer, Ronald L.
245 ## - TITLE STATEMENT
Title Language Structure and use /
Statement of responsibility, etc Ronald L. Cramer
260 ## - PUBLICATION, DISTRIBUTION, ETC. (IMPRINT)
Place of publication, distribution, etc London :
Name of publisher, distributor, etc Palo Alto,
Date of publication, distribution, etc 1984
300 ## - PHYSICAL DESCRIPTION
Pagination 512 p. :
Other physical details ill. ;
Dimensions 28cm.
650 ## - SUBJECT ADDED ENTRY--TOPICAL TERM
Topical term or geographic name as entry element English Language
942 ## - ADDED ENTRY ELEMENTS (KOHA)
Source of classification or shelving scheme Dewey Decimal Classification
Koha item type Books
Holdings
Source of classification or shelving scheme Damaged status Not for loan Home library Current library Shelving location Total Checkouts Full call number Barcode Date last seen Copy number Koha item type
Dewey Decimal Classification     JCC Rouf Library JCC Rouf Library General Stacks   425 CRA 1984 7535 12/13/2017 C - 1 Books

JCC Library | Contacts | JCC Home

Last Update on 23 September 2017
Copyright @ 2017-2020 JCC Rouf Library
Rouf Library, Jhenidah Cadet College (JCC), Bangladesh